| 000 | 00463nam a2200169Ia 4500 | ||
|---|---|---|---|
| 001 | 17533 | ||
| 003 | IN-NITTTR | ||
| 005 | 20251114233206.0 | ||
| 008 | 251113s9999||||xx |||||||||||||| ||eng|| | ||
| 040 | _beng | ||
| 040 | _cIN-NITTTR | ||
| 041 | _aeng | ||
| 082 | _a651.752 G16M | ||
| 100 | _aGartside, L. | ||
| 245 | 0 |
_aModern business correspondence : _b a comprehensive guide to business writing and related office services / _cGartside, L. |
|
| 942 |
_2ddc _cBK |
||
| 999 |
_c20167 _d20167 |
||